000 00611nam a2200217Ia 4500
005 20241129105801.0
008 241129s9999||||xx |||||||||||||| ||und||
020 _a978-81-95765-68-4
037 _aTB
040 _aARTS
_beng
_cARTS
041 _aeng
_2eng
084 _aV2y7M91 R2
_qARTS
100 _aGaba Mehul Singh Au.
_9724724
245 0 _aAmbedkar for scheduled caste
_cGaba Mehul Singh Au.
260 _aNew Delhi, India
_bNew Venus Publications
_c2022
300 _a272p.
365 _aINR
_b1800
650 _aHistory-India
942 _cTB
_hV2y7M91 R2
999 _c1225921
_d1225921